Les lieux en peinture - Statistiques

Statistiques générales
  • Ce quiz a été pris 153 fois
  • Le résultat moyen est 15 sur 25
Statistiques - réponses
Question Réponse % Correct
Paris ?
95%
Auvers-sur-Oise ?
90%
Saint-Tropez ?
90%
Giverny ?
82%
Etretat ?
82%
Pont Aven ?
79%
Asnières-sur-Seine ?
79%
Le Touquet ?
79%
Louveciennes ?
72%
Trouville ?
72%
Sainte-Adresse ?
64%
Port-en-Bessin ?
62%
Rouen ?
62%
Ornans ?
62%
Saint-Rémy-de-Provence
59%
Marly-le-Roi ?
56%
Argenteuil ?
49%
Nîmes ?
49%
Le Havre ?
44%
Le Cannet
44%
Etaples ?
41%
Bougival ?
38%
Lille ?
33%
Honfleur ?
31%
Arles ?
23%
Aucun quiz correspondant
Distribution des résultats
% des personnes avec chaque résultat
Percentile par nombre de réponses
Votre historique - résultats
Vous n’avez pas pris ce quiz